Tractatus de secunda supplicatione, sive, Recursus adversus revisionis sententias Supremi Senatus, Regiarumque Chancellarium, et aliorum Tribunalium hujus regni. Opus posthumum

Detalles Bibliográficos
Autor principal: Maldonado y Pardo, José fl. 1671
Formato: Libro
Lenguaje:Latin
Publicado: Genevae 1762
Materias:
Colección:Banco de datos
Acervo:Biblioteca Pública Central del Estado de Durango. Lic. José Ignacio Gallegos Caballero. Colección José Fernando Ramírez
Descripción Física:XVI, 455 p. 4°
Tema general:Derecho civil
Notas:Portada a dos tintas con pleca y viñeta en grabado xilográfico. Texto a dos columnas. Encuadernación en piel sobre cartón
LEADER 01046nam a22001810004500
035 |a 416 
041 0 |a lat 
100 1 |a Maldonado y Pardo, José  |d fl. 1671 
245 1 0 |a Tractatus de secunda supplicatione, sive, Recursus adversus revisionis sententias Supremi Senatus, Regiarumque Chancellarium, et aliorum Tribunalium hujus regni. Opus posthumum  |c auctore D. Josepho Maldonado et Pardo olim Regiis Consiliis causarum Patrono, in audientia Regni Galleciae fiscali, deindè in granatensi Chancellaria fisci Patrono. 
260 |a Genevae  |b apud fratres de Tournes  |c 1762 
300 |a XVI, 455 p.  |c 4° 
500 |a Portada a dos tintas con pleca y viñeta en grabado xilográfico. Texto a dos columnas. Encuadernación en piel sobre cartón 
650 1 0 |a Derecho civil 
740 0 |a Recursus adversus revisionis sententias supremi senatus, regiarumque  
949 |a CR. 986 
942 |c DURANRAM 
943 |g Biblioteca Pública Central del Estado de Durango. Lic. José Ignacio Gallegos Caballero. Colección José Fernando Ramírez 
999 |c 1077346  |d 1077346